Minecraft Default Hotkeys - Statistics

General Stats
  • This quiz has been taken 31 times
  • The average score is 11 of 20
Answer Stats
Hint Answer % Correct
Attack/Mine Left Click
96%
Use item/place block Right Click
92%
A Strafe Left
81%
D Strafe Right
81%
S Walk Backward
81%
W Walk Forward
81%
Space Jump
77%
T Open Chat
69%
E Open Inventory
69%
/ Open Command
65%
WW (Quick succession) Sprint
62%
Q Drop Item
54%
Select Hotbar Slot Scroll
42%
F5 Change Perspective
35%
L See Advancements
35%
F3 + G Show Chunk Borders
27%
Tab See Player List
23%
Ctrl + Q Drop Item Stack
19%
Esc Open Game Menu
19%
F Swap Item to Offhand
8%
No matching quizzes found
Score Distribution
Percent of People with Each Score
Percentile by Number Answered
Your Score History
You have not taken this quiz